000 00882nam a22003017a 4500
001 5353
003 FISKH
005 20241127151433.0
008 241127b cb ||||| |||| 00| 0 eng d
020 _a9780439792134
040 _aFISKH
_beng
_cFISKH
_dFISKH
050 _aPZ7.Z82
082 _a001.9
100 _aZullo, Allan
245 _aAmerica's Most Haunted :True Scary Places /
_cby Allan Zullo
250 _aFirst Scholastic printing, October 2005
260 _aNew York :
_bScholastic ;
_c1997 .
300 _a95 pages :
_billustrations;
_c20 cm .
505 _aZ
520 _aTen places in the U.S. where ghosts have been reported.
521 8 _a1070
_bLexile
521 8 _aZ
_bRaz-Plus
650 _aparanormal
_vNon-fiction
650 _aghosts
_vNon-fiction
700 _aCall , Greg
_eillustrator
942 _2ddc
_cBK
_n0
999 _c5353
_d5353